| 000 | 00633nam a22002057a 4500 | ||
|---|---|---|---|
| 999 |
_c161 _d161 |
||
| 003 | AR-CdUCM | ||
| 008 | 190222b ||||| |||| 00| 0 spa d | ||
| 040 |
_aMUNICIPALIDAD PROVINCIAL DEL CUSCO _cBIBLIOTECA MUNICIPAL DEL CUSCO |
||
| 082 |
_22ed. _a869.56 / _bC29 |
||
| 100 |
_aCárdich, Samuel _9758 |
||
| 245 | _aMalos tiempos / | ||
| 260 |
_aPerú : _bEdiciones convergencia, _c1989. |
||
| 300 |
_a119 páginas ; _c17.3 cm. |
||
| 650 |
_aNarrativa peruana _9226 |
||
| 650 |
_aCuentos peruanos _97 |
||
| 650 |
_aLiteratura contemporánea _9759 |
||
| 650 |
_aSamuel Cárdich _9760 |
||
| 942 |
_2ddc _cLIBROS |
||
| 945 |
_alccs _d2019-02-22 |
||